[Event "68th Warsaw-ch-A 2019"]
[Site "Warsaw"]
[Date "2019.11.17"]
[Round "6.15"]
[White "Nowak, Lukasz"]
[Black "Praczukowski, Stanislaw"]
[Result "1-0"]
[WhiteElo "2288"]
[BlackElo "2069"]
[Annotator "TA"]
[PlyCount "155"]
[EventDate "2019.11.14"]
[EventType "swiss"]
[EventCountry "POL"]
[SourceTitle "playchess.com"]
[Source "ChessBase"]
[SourceQuality "1"]

{[%evp 9,155,11,16,17,18,20,19,18,17,14,23,10,30,16,13,13,39,5,13,4,16,10,10,11,15,0,0,0,14,2,12,7,46,33,41,5,39,0,49,45,87,83,81,83,110,83,79,0,91,86,78,80,160,163,160,119,154,175,202,188,256,192,225,235,278,263,266,210,201,212,214,191,335,0,197,175,385,378,379,181,172,178,178,94,81,79,79,88,498,486,373,125,325,314,316,307,302,293,281,125,222,126,288,139,359,283,267,255,234,212,504,506,492,491,466,452,647,647,635,634,618,614,598,589,3271,3271,12845,3017,2800,2914,2651,2688,2541,2470,2350,2310,1891,1797,1568,1389,29946,29954,29965,29966,29967,29958,4618,4618]} 1. d4 d5 2. c4 e6 3. Nf3 a6 4. c5 (4. cxd5 exd5 5. Nc3 h6 6. Bf4 Nf6 7. e3 Bd6 8. Be5 Be6 9. Qb3 Ra7 10. Bd3 Bxe5 11. Nxe5 O-O 12. O-O Nbd7 13. f4 {½-½ (42) Karjakin,S (2748)-Carlsen,M (2875) Zagreb 2019}) 4... b6 5. cxb6 cxb6 6. Bf4 {D30: Queen's Gambit Declined: Systems without Nc3} Nf6 7. e3 Bd6 8. Bd3 {The position is equal.} Nc6 $146 ({Predecessor:} 8... O-O 9. O-O Bb7 10. a3 Qe7 11. Ne5 Nbd7 {½-½ (38) Paravyan,D (2631)-Khanin,S (2472) Loo 2018}) 9. O-O Bb7 10. Nc3 O-O 11. Rc1 Bxf4 12. exf4 Qd6 13. g3 Rfc8 14. Re1 b5 15. f5 exf5 16. Bxf5 Re8 17. Rxe8+ Rxe8 18. Ne2 Ne4 19. Nf4 g6 20. Bh3 Bc8 21. Bxc8 Rxc8 22. Qb3 Nf6 23. Rc5 Kg7 {Hoping for ...Nxd4!} (23... Rc7 $5 {[%cal Rc6d4]} 24. Qc3 b4 $11) 24. Qe3 Re8 25. Qc1 $36 {[%mdl 2048] White is on the roll.} Ne7 26. Rc7 Ne4 27. Ne5 Qb6 28. Nf3 Qd6 $1 29. Nd3 Qf6 30. Qf4 Rc8 ({Better is} 30... Qxf4 31. Nxf4 g5) 31. Qxf6+ $1 $16 Kxf6 32. Ra7 Rc2 33. Rxa6+ Kg7 34. Rb6 g5 (34... Nd2 $142 35. Nfe1 Rc4) 35. h3 h5 36. Rxb5 g4 37. hxg4 hxg4 38. Nfe1 Rd2 39. a4 {[%cal Ba2a4,Ba4a5][%mdl 32]} Ng5 40. Kf1 Ne4 (40... Nf3 $142 41. Nxf3 gxf3) 41. Kg1 (41. a5 $142) 41... Ng5 $1 $18 42. a5 Nf3+ $2 (42... Rd1 {was necessary.} 43. Kh2 Ne6) 43. Nxf3 gxf3 {[%mdl 4096] Endgame KRN-KRN} 44. Ne1 (44. Ne5 $142) 44... Rd1 45. Kf1 Nc6 46. Rb3 ({White should play} 46. Rxd5 $18 {Black must now prevent Rc5.} Ra1 47. a6) 46... Nxa5 $16 47. Rxf3 Nc4 48. b3 Nb2 $2 {[%mdl 8192]} (48... Nd6 $16) 49. Ke2 $18 Rxd4 50. Nd3 $2 (50. Nc2 $18 {is more deadly.} Rd1 51. Ne3) 50... Re4+ $2 (50... Nxd3 $16 51. Rxd3 Rb4) 51. Kd2 Nxd3 52. Rxd3 {KR-KR} ({Not} 52. Kxd3 Rb4 $16) 52... Rb4 53. Kc3 Rb5 54. Kd4 (54. Rd4 $1 $18 {and the rest is easy.}) 54... f6 (54... Kf6 $16 55. Re3 Kf5) 55. Re3 (55. Kc3 $1 $18) 55... Kf7 $2 {[#]} (55... Kg6 $16 56. Kc3 Rc5+ 57. Kd3 Rb5) 56. Kc3 (56. f4 $1 $18 {is the precise move to win.}) 56... Kf8 $2 (56... Kg6 $16 57. f3 Kg5) 57. Re6 Kf7 {[#]} 58. Rc6 $1 Ke7 59. b4 d4+ $2 (59... Rb7 60. g4 d4+ 61. Kb3 (61. Kxd4 Rxb4+ 62. Rc4 Rb2 $14) 61... d3) 60. Kc4 d3 {...d2 is the strong threat.} 61. Ra6 (61. Kxb5 $2 {is the wrong capture.} d2 $19) 61... d2 62. Ra1 Rb7 (62... Rf5 $142 63. f4 Rh5) 63. Rd1 Rd7 64. Kc3 Rc7+ 65. Kxd2 Rc4 66. Rb1 Kd6 67. b5 Kc7 68. b6+ (68. Rc1 $142 Rxc1 69. Kxc1) 68... Kb7 69. Kd3 Ra4 70. Ke3 Rc4 71. f3 Ra4 72. g4 Rc4 73. f4 Ra4 74. Rh1 f5 75. gxf5 Kxb6 76. Rc1 Ra8 77. Kf3 Rg8 78. Ke4 {Accuracy: White = 51%, Black = 29%.} 1-0

[Event "68th Warsaw-ch-A 2019"]
[Site "Warsaw"]
[Date "2019.11.17"]
[Round "7.1"]
[White "Jarmula, Lukasz"]
[Black "Chylewski, Patryk"]
[Result "0-1"]
[WhiteElo "2466"]
[BlackElo "2348"]
[Annotator "TA"]
[PlyCount "98"]
[EventDate "2019.11.14"]
[EventType "swiss"]
[EventCountry "POL"]
[SourceTitle "playchess.com"]
[Source "ChessBase"]
[SourceQuality "1"]

{[%evp 9,98,32,27,12,22,16,28,-17,0,-6,-4,0,17,0,0,-16,0,0,0,-6,0,0,25,8,34,12,167,193,199,102,222,216,194,91,83,77,91,91,91,85,91,71,96,85,79,85,171,60,54,-100,-100,-76,0,0,0,0,0,0,0,0,0,0,0,0,0,0,0,-23,-20,-16,0,0,8,0,0,-72,-71,-71,-71,-71,-59,-391,0,0,0,0,0,-29988,-29989,-29993,-29994]} 1. e4 c6 2. Nc3 d5 3. Nf3 Nf6 4. e5 Ne4 5. Ne2 Qb6 {[%csl Ge4][%cal Rb6f2]} 6. d4 {B11: Caro-Kann: Two Knights Variation} e6 7. Ng3 c5 8. Bd3 {White has an edge.} Nxg3 $1 9. fxg3 (9. hxg3 cxd4 10. Ng5 Nc6 11. Nxh7 Bd7 12. Qe2 O-O-O 13. O-O {0-1 (30) Mamedov,R (2703)-Piorun,K (2634) St Petersburg 2018}) 9... Nc6 10. O-O {aiming for Ng5.} h6 11. Kh1 cxd4 12. a3 Bd7 $146 ({Predecessor:} 12... a5 13. g4 {1-0 (24) Jacobson,B (2418)-Ostrovskiy,A (2450) New York 2019}) 13. b4 a6 14. g4 Be7 15. Qe2 O-O-O 16. Bf4 Rhf8 17. Rfb1 f6 $2 (17... Qc7 $1 $11) 18. b5 $18 axb5 19. Bxb5 (19. Rxb5 $18 Qa7 20. Rab1) 19... f5 (19... Bc5 $16) 20. gxf5 $1 Rxf5 21. Bxc6 (21. Bd3 $1 $18 {and the rest is easy.} Qc5 22. Bxf5) 21... Qxc6 $16 22. Nxd4 {[%mdl 64] Double Attack} Qc4 23. Qxc4+ dxc4 24. Nxf5 exf5 25. Rd1 Re8 26. a4 Bc5 27. Rd5 Bf2 (27... b6 $16 {keeps fighting.}) 28. Rad1 (28. e6 $1 $18 {[%cal Re6d7]} Rxe6 29. Rxf5) 28... Bc6 $1 $14 {[%cal Rc6d5]} 29. Ra5 $2 (29. R5d2 $14 {stays ahead.} Ba7 30. e6) 29... b6 $1 $17 {[%cal Rb6a5]} 30. Ra7 Bb7 (30... g5 $17 31. Bg3 Bc5) 31. Rxb7 Kxb7 $11 {[%mdl 4096] Endgame KRB-KRB} 32. Rd7+ Kc6 33. Rxg7 Bd4 34. Rg6+ Kc5 35. e6 Kb4 36. Bd2+ c3 37. Bc1 h5 38. h4 Kxa4 39. Kh2 Be5+ 40. g3 Kb5 41. Rg5 Rxe6 {Threatens to win with ...Bd4.} 42. Rxf5 (42. Kg2 $1 $11) 42... Kc4 $17 {...Bd4 is the strong threat.} 43. Kg2 Bd4 {White must now prevent ...Re2+.} 44. Kf1 b5 $1 {[%cal Bb6b5,Bb5b4,Bb4b3][%mdl 32]} 45. Rxh5 $2 {[%mdl 8192]} (45. Rf8 $15) 45... Rf6+ $2 ({Black should play} 45... Ra6 $1 $19 {[%cal Ra6a1] Hoping for ...Ra1.} 46. Ke2 Ra2) 46. Bf4 $11 b4 47. Ke2 Re6+ 48. Kd1 $2 {[%mdl 8192] [#]} (48. Kf3 $11) 48... b3 $1 {[%mdl 64] Overworked Piece} 49. cxb3+ {[#]} Kd3 $1 {Accuracy: White = 49%, Black = 48%.} 0-1

[Event "68th Warsaw-ch-A 2019"]
[Site "Warsaw"]
[Date "2019.11.17"]
[Round "7.2"]
[White "Kowalski, Igor"]
[Black "Kozak, Antoni"]
[Result "0-1"]
[WhiteElo "2346"]
[BlackElo "2350"]
[Annotator "TA"]
[PlyCount "120"]
[EventDate "2019.11.14"]
[EventType "swiss"]
[EventCountry "POL"]
[SourceTitle "playchess.com"]
[Source "ChessBase"]
[SourceQuality "1"]

{[%evp 13,120,52,51,33,37,0,33,36,46,50,52,43,68,35,44,27,24,-13,-9,-21,-30,-35,0,-10,-9,-37,-42,-42,-49,-179,-108,-96,-58,-58,-58,-58,-58,-58,-44,-41,-48,-83,-74,-93,-58,-123,-123,-119,-115,-124,-124,-110,-119,-120,-129,-184,-173,-191,-191,-191,-156,-237,-232,-417,-471,-453,-479,-446,-438,-497,-504,-488,-444,-468,-481,-451,-278,-375,-297,-545,-454,-442,-429,-828,-531,-29976,-1820,-29967,-1695,-2791,-2525,-29974,-29975,-29975,-29976,-29976,-29976,-29977,-29978,-29978,-29978,-29979,-29980,-29979,-29980,-29980,-29981,-29978,-29976]} 1. d4 Nf6 2. c4 e6 3. Nf3 c5 4. d5 exd5 5. cxd5 d6 6. Nc3 g6 7. Bf4 Bg7 8. e3 {A61: Modern Benoni: Nf3 without early e4} (8. Qa4+ Bd7 9. Qb3 O-O 10. e3 Qc7 11. h3 Na6 12. Be2 b5 13. Bxb5 Rab8 14. O-O Nh5 15. a4 Nxf4 16. exf4 Nb4 17. Bxd7 Qxd7 {0-1 (55) Zhou,J (2608)-Ponkratov,P (2651) Harbin 2019}) 8... O-O 9. h3 Qe7 10. Be2 {White is slightly better.} Nh5 11. Bh2 f5 12. O-O $146 ({Predecessor:} 12. Nd2 f4 13. e4 Nf6 14. Qc2 Nfd7 15. g3 Bh6 16. gxf4 Bxf4 17. Bxf4 Rxf4 {0-1 (42) Karimov,A (2263)-Saydaliev,S (2390) Tashkent 2019}) 12... f4 13. exf4 Nxf4 14. Re1 Nd7 15. Bf1 Ne5 $1 16. Nd2 g5 17. Nce4 Kh8 18. Qb3 b6 19. Nc4 Nxc4 20. Bxc4 Be5 21. Be2 {[#]} (21. Re3 $15) 21... Qg7 (21... Nxh3+ $1 $19 {[%mdl 512]} 22. gxh3 Bxh2+ {[%mdl 64] Discovered Attack} 23. Kxh2 Qxe4 24. Qc3+ Kg8 $1 {[%mdl 512]}) 22. Rad1 Bf5 ({Reject} 22... Nxe2+ $6 23. Rxe2 Bxh2+ 24. Kxh2 $14) 23. Bg4 Bxe4 24. Rxe4 Bxb2 25. Bxf4 gxf4 26. Rde1 {aiming for Re7.} Be5 27. Ra4 Qb7 28. Rb1 Rfb8 29. Be2 (29. Re4 $15) 29... a6 $17 30. Re4 b5 31. a4 Qc7 32. Qc2 {[%cal Ra4b5]} c4 33. Bf3 Qc5 34. Kh1 (34. Rxe5 $17 {might work better.} dxe5 35. d6 $1 {[%mdl 512]}) 34... Rg8 $19 35. Rbe1 Rac8 36. Rc1 Rg7 37. Bg4 (37. Kg1 $17 {keeps fighting.}) 37... Rcg8 38. Be6 $2 (38. Bf3 {is a better defense.}) 38... Rxg2 {( -> ...Qa3!)} 39. Bxg8 Rxg8 40. Rg1 Qxd5 41. axb5 axb5 42. Rxg8+ Kxg8 {[%mdl 4096] Endgame KQR-KQB} 43. f3 Qe6 44. Qg2+ Qg6 {Strongly threatening ...Qxg2+.} 45. Qf1 Qg3 46. Re2 $2 (46. Re1) 46... Kf7 47. Ra2 {If only White now had time for Ra5....} Kf6 48. Qd1 (48. Rc2 $142) 48... c3 49. Ra6 Qxh3+ 50. Kg1 {[#]} Qe6 (50... c2 $142 $1 51. Rxd6+ (51. Qxc2 Bd4+) 51... Kg5 52. Qxc2 Qg3+ 53. Kh1 Qxf3+ 54. Kh2 Qg3+ 55. Kh1 Qe1+ 56. Kg2 Bxd6 57. Qb2 Qg3+ 58. Kf1 Qf3+ 59. Qf2 Qxf2+ 60. Kxf2 b4 61. Ke2 b3 62. Kd3 b2 63. Kc2 Ba3 64. Kb1 f3 65. Ka2 f2 66. Kb3 b1=Q+ 67. Kc3 f1=Q 68. Kd4 Qfd3+ 69. Ke5 Qe4#) 51. Qd3 Qc4 52. Rxd6+ Bxd6 {Black mates.} 53. Qxd6+ {KQ-KQ} Kf5 54. Qf8+ Ke6 55. Qe8+ Kd6 56. Qf8+ Kc6 57. Qf6+ Kb7 58. Qe7+ Qc7 59. Qe4+ Kb6 60. Qc2 Qc5+ {Accuracy: White = 38%, Black = 75%.} 0-1

[Event "68th Warsaw-ch-A 2019"]
[Site "Warsaw"]
[Date "2019.11.17"]
[Round "7.3"]
[White "Jakubowska, Anna"]
[Black "Deszczynski, Adam"]
[Result "0-1"]
[WhiteElo "2112"]
[BlackElo "2291"]
[Annotator "TA"]
[PlyCount "104"]
[EventDate "2019.11.14"]
[EventType "swiss"]
[EventCountry "POL"]
[SourceTitle "playchess.com"]
[Source "ChessBase"]
[SourceQuality "1"]

{[%evp 9,104,0,6,-34,-20,-29,-25,-40,-47,-33,-41,-47,-50,-50,-49,-57,-44,-50,-43,-39,-45,-35,-32,-23,-16,-97,-100,-126,-109,-108,-108,-109,-100,-116,-127,-119,-98,-109,-120,-106,-95,-416,-139,-150,-137,-139,-93,-107,-63,-134,-93,-121,-106,-166,-153,-260,-240,-261,-133,-115,-125,-316,-272,-305,-294,-317,-294,-311,-311,-295,-292,-577,-654,-892,-865,-854,-869,-638,-339,-382,-382,-350,-364,-177,-48,-47,0,0,0,-29976,-29976,-29977,-29978,-29986,-29987,-29987,-29988]} 1. e4 c5 2. d3 Nc6 3. f4 d5 4. Be2 g6 5. Nf3 Bg7 6. exd5 {B21: Sicilian: 2 f4 and Morra Gambit} (6. c3 d4 7. O-O Nf6 8. Na3 dxc3 9. bxc3 O-O 10. Nc4 b5 11. Nce5 Bb7 12. Nxc6 Bxc6 {0-1 (50) Kovalev,V (2639)-Andriasian,Z (2585) Katowice 2017}) 6... Qxd5 7. Nc3 Qd8 8. Ne4 {Black has an edge.} Nf6 9. c3 b6 10. O-O O-O 11. Nxf6+ $146 ({Predecessor:} 11. Qe1 Ba6 12. Be3 Ng4 13. Bf2 {0-1 (30) Maksimiuk,J-Kostyra,S (2278) Bialystok 2007}) 11... exf6 12. Be3 Re8 13. Bf2 Ba6 14. Re1 f5 15. Qd2 h6 16. Rad1 Qd5 17. b4 (17. a3 $11 {keeps the balance.}) 17... cxb4 $17 18. c4 Qa5 19. d4 Rad8 20. Bf1 Re4 {...Nxd4 is the strong threat.} 21. Rxe4 fxe4 22. Ne5 Nxe5 23. fxe5 {[#]} Bxe5 $1 {[%mdl 576] Pin} 24. Qxh6 (24. dxe5 Rxd2) 24... Bf6 (24... Qxa2 $6 25. Rd2 $11) 25. Bh4 $2 {[%mdl 8192] [#]} (25. Qf4 $17 {is tougher.} Qf5 26. Qxf5 gxf5 27. g3) 25... Qf5 $2 (25... Bg7 $1 $19 {[%cal Rg7h6] is more deadly.} 26. Qe3 Qh5 {[%mdl 64] Double Attack}) 26. Bxf6 Qxf6 27. Qe3 Qe6 28. d5 Qe5 29. Be2 (29. a3 $15) 29... Bc8 $36 {[%mdl 2048] Black has strong initiative.} 30. h4 Kg7 31. h5 (31. Rf1 $17 {might work better.}) 31... gxh5 $19 32. Rd4 (32. Rf1 $17) 32... Re8 33. d6 Be6 ({Black should play} 33... Qc5 $19 34. Qd2 Re5) 34. Rxe4 $17 Qc5 35. Qxc5 $2 (35. Kf1 $17) 35... bxc5 $19 36. Bxh5 $17 {[%mdl 4096] Endgame KRB-KRB} Kf6 37. Rf4+ Ke5 38. Rf2 Rf8 (38... Kxd6 39. Bxf7 Bxf7 40. Rxf7 $19) (38... Bxc4 39. Rc2 $17) 39. d7 Bxd7 ({Not} 39... Bxc4 40. Rc2 $11) 40. Bxf7 $2 (40. Re2+ {was worth a try.} Kf6 41. Rf2+ Ke7 42. Rd2) 40... Bg4 $19 41. g3 a5 42. Rf1 Be2 43. Rf2 Bd3 44. g4 a4 {[%cal Ba5a4,Ba4a3][%mdl 32]} 45. g5 {If White can now play g6 this consolidates a bit.} a3 ({But not} 45... b3 46. axb3 axb3 47. g6) 46. g6 Bxg6 (46... Ra8 $19 {Hoping for ...b3!} 47. g7 Bh7) 47. Bxg6 $15 Rxf2 (47... Rg8 $5 {[%cal Rg8g6]} 48. Rg2 b3 49. axb3 Kd4 $15) 48. Kxf2 $19 {KB-K3P} Kd4 (48... b3 $5 49. Bb1 $8 Kd4 50. axb3 Kc3 $11) 49. Ke2 $2 {[%mdl 8192]} (49. Bc2 $11 Kxc4 50. Ke2) 49... Kc3 {Black mates.} 50. Kd1 b3 51. Bb1 {[#]} Kb2 $1 ({Worse is} 51... bxa2 52. Bxa2 Kb2 53. Kd2 $11) 52. axb3 Kxb1 {Accuracy: White = 44%, Black = 64%.} 0-1

[Event "68th Warsaw-ch-A 2019"]
[Site "Warsaw"]
[Date "2019.11.17"]
[Round "7.4"]
[White "Paprocki, Jaroslaw"]
[Black "Wiech, Grzegorz"]
[Result "1-0"]
[WhiteElo "2184"]
[BlackElo "2219"]
[Annotator "TA"]
[PlyCount "129"]
[EventDate "2019.11.14"]
[EventType "swiss"]
[EventCountry "POL"]
[SourceTitle "playchess.com"]
[Source "ChessBase"]
[SourceQuality "1"]

{[%evp 14,129,0,-2,24,-2,0,0,10,-10,-16,-18,-12,-25,-6,-30,-32,-55,-49,-85,-65,-77,-93,-94,-74,-108,-93,-81,-80,-82,-79,-94,-81,-112,-124,-133,-20,-73,-32,-20,0,-104,-104,-104,-104,-104,-104,-104,-104,-104,-104,-104,-104,-104,-104,-104,-104,-104,-104,-104,-87,-104,-104,-104,-57,-104,-104,-104,-104,-104,-12,-8,-18,-82,-82,-104,-104,-104,-104,-104,-104,-104,-105,-105,-105,-105,0,0,-12,-35,-43,-53,-54,-25,-16,-63,-58,-60,-72,-113,-56,-113,29973,29976,29977,29978,29978,29979,29979,29980,29980,29981,29981,29982,29983,29984,29984,29985]} 1. e4 c5 2. Nf3 Nc6 3. Nc3 Nf6 4. Bb5 Nd4 5. Bc4 d6 6. h3 e6 7. O-O Be7 8. d3 O-O {B30: Sicilian: 2...Nc6 3 Bb5, lines without ...g6} 9. a4 Nxf3+ $146 ({Predecessor:} 9... d5 10. Ba2 Nxf3+ 11. Qxf3 d4 12. Ne2 Qc7 13. g4 {1-0 (36) Belov,V (2561)-Nechaeva,M (2226) Zvenigorod 2008}) 10. Qxf3 Bd7 {The position is equal.} 11. e5 Bc6 12. Qg3 Ne8 13. Bf4 a6 14. exd6 Nxd6 15. Be5 {[%csl Ge5][%cal Rg3g7]} Nf5 $36 {[%mdl 2048] Black has some pressure.} 16. Qg4 Bf6 17. Bxf6 Qxf6 18. a5 Rad8 19. Rae1 Rd4 20. Ne4 Bxe4 $1 21. Rxe4 Rxe4 22. dxe4 Nd6 23. b3 Nxc4 24. bxc4 $17 {[%mdl 4096] Endgame KQR-KQR} Rd8 (24... Qc3 $17 25. Rb1 Qxa5) 25. Rd1 (25. Qg3 $11) 25... Rxd1+ 26. Qxd1 {KQ-KQ} g6 27. Qd2 (27. Qd6 $11 {remains equal.}) 27... Qa1+ 28. Kh2 Qe5+ {[%mdl 64] Double Attack} 29. g3 Qxe4 30. Qd6 Qd4 31. Qb8+ Kg7 32. Kg1 Qe4 33. Qc7 Qc6 ({But not} 33... Qxc2 $6 34. Qe5+ Kf8 35. Qd6+ Kg8 36. Qb8+ Kg7 37. Qe5+ Kg8 38. Qb8+ Kg7 39. Qe5+ $11) 34. Qd8 h5 35. h4 Qe4 36. Qc7 Qd4 37. c3 Qxc3 38. Qxc5 Qe1+ 39. Kh2 Qe4 40. Qc7 Qc6 41. Qb6 Kf6 (41... e5 $17 42. Kg1 Kf6 43. Qd8+ Ke6) 42. Qd8+ $11 Ke5 43. Qg5+ (43. Qb8+ $11 {keeps the balance.} Kf6 44. Qd8+ Kg7 45. Qd4+ Kh7 46. Kg1) 43... Kd6 $17 44. Qf4+ Ke7 45. Qg5+ Ke8 46. Qf4 Qc8 47. Kg1 Qd8 48. Qe5 Kd7 49. Qd4+ {[#]} Kc8 (49... Ke7 $1 $17 50. Qc5+ Qd6) 50. Qc5+ $11 Kb8 51. Kf1 Qc7 52. Qf8+ Ka7 53. Qb4 e5 54. Ke2 Qc6 55. Ke3 $1 f5 56. f3 e4 (56... Qc7 $17 {And now ...b6 would win.} 57. Ke2 Qc6) 57. c5 ({White should play} 57. fxe4 $1 $15 Qxe4+ 58. Kf2) 57... exf3 $2 {[%mdl 8192]} (57... Qb5 $17 58. Qc3 (58. Qxb5 axb5 59. fxe4 fxe4 $19) 58... exf3 59. Kxf3 Qf1+ 60. Ke3 {[#]} f4+ $1 {[%mdl 512]} 61. gxf4 Qh3+ 62. Kd2 Qh2+ 63. Kd3 Qxh4) 58. Qb6+ {White mates.} Kb8 59. Qxc6 bxc6 60. Kxf3 {KP-KP} Kc7 61. Kf4 Kd7 62. Kg5 Ke6 63. Kxg6 Kd5 64. Kxh5 Kxc5 65. Kg6 {Accuracy: White = 52%, Black = 55%.} 1-0

[Event "68th Warsaw-ch-A 2019"]
[Site "Warsaw"]
[Date "2019.11.17"]
[Round "7.5"]
[White "Sliwerski, Radoslaw"]
[Black "Kaminski, Jan"]
[Result "1-0"]
[WhiteElo "2091"]
[BlackElo "2024"]
[Annotator "NA RC"]
[PlyCount "43"]
[EventDate "2019.11.14"]
[EventType "swiss"]
[EventCountry "POL"]
[SourceTitle "playchess.com"]
[Source "ChessBase"]
[SourceQuality "1"]
[TimeControl "5400+30"]

1. d4 {[%emt 0:00:00]} Nf6 {[%emt 0:00:00]} 2. c4 {[%emt 0:00:00]} e6 {[%emt 0:00:00]} 3. Nc3 {[%emt 0:00:00]} Bb4 {[%emt 0:00:00]} 4. g3 {[%emt 0:00:00]} c5 {[%emt 0:00:04]} 5. Nf3 {[%emt 0:00:00]} cxd4 {[%emt 0:00:34]} 6. Nxd4 {[%emt 0:00:00]} Nc6 {[%emt 0:00:21]} 7. Bg2 {[%emt 0:02:42]} O-O {[%emt 0:00:41]} 8. O-O {[%emt 0:00:11]} Bxc3 {[%emt 0:00:09]} 9. bxc3 {[%emt 0:00:09]} Na5 {[%emt 0:03:50]} 10. Qd3 {[%emt 0:07:30]} Qc7 {[%emt 0:01:25]} 11. Ba3 {[%emt 0:01:32]} Rd8 {[%emt 0:03:36]} 12. Be7 {[%emt 0:01:43]} Re8 {[%emt 0:00:06]} 13. Nb5 {[%emt 0:00:28]} Qxc4 {[%emt 0:00:34]} 14. Qxc4 {[%emt 0:00:32]} Nxc4 {[%emt 0:00:02]} 15. Bxf6 {[%emt 0:00:08]} gxf6 {[%emt 0:00:19]} 16. Nc7 {[%emt 0:00:02]} Re7 {[%emt 0:00:27]} 17. Nxa8 {[%emt 0:00:27]} d5 {[%emt 0:00:07]} 18. e4 {[%emt 0:00:23]} dxe4 {[%emt 0:01:09]} 19. Bxe4 {[%emt 0:00:03]} Nd2 {[%emt 0:00:13]} 20. Rfd1 {[%emt 0:00:10]} Nxe4 {[%emt 0:00:12]} 21. Rd8+ {[%emt 0:00:01]} Kg7 {[%emt 0:00:01]} 22. Rxc8 {[%emt 0:00:11]} 1-0

[Event "68th Warsaw-ch-A 2019"]
[Site "Warsaw"]
[Date "2019.11.17"]
[Round "7.6"]
[White "Sadowski, Miroslaw"]
[Black "Mis, Mieszko"]
[Result "0-1"]
[WhiteElo "1998"]
[BlackElo "2328"]
[Annotator "TA"]
[PlyCount "92"]
[EventDate "2019.11.14"]
[EventType "swiss"]
[EventCountry "POL"]
[SourceTitle "playchess.com"]
[Source "ChessBase"]
[SourceQuality "1"]

{[%evp 23,92,-14,0,7,0,4,1,-22,-30,-24,-28,-33,-23,-36,-29,-39,-10,-58,-54,-152,-53,-185,-182,-179,-171,-211,-209,-223,-193,-227,-144,-162,-156,-234,-234,-240,-239,-232,-189,-283,-283,-333,-333,-322,-335,-337,-308,-406,-407,-391,-373,-376,-379,-613,-608,-608,-608,-752,-605,-551,-510,-744,-743,-743,-744,-738,-723,-715,-714,-673,-670]} 1. d4 Nf6 2. Nf3 c5 3. c3 d5 4. Bf4 Nc6 5. e3 Qb6 6. Qb3 c4 7. Qc2 Bf5 8. Qc1 e6 9. Be2 Be7 10. h3 O-O 11. O-O Qd8 12. Nbd2 h6 13. b3 {D02: 1 d4 d5 2 Nf3 sidelines, including 2...Nf6 3 g3 and 2...Nf6 3 Bf4} (13. Bd1 b5 14. Bc2 Bxc2 15. Qxc2 Bd6 16. Bxd6 Qxd6 17. e4 dxe4 18. Nxe4 Nxe4 19. Qxe4 Qd5 20. Qxd5 exd5 {1-0 (51) Nisipeanu,L (2674)-Parligras,M (2645) Bucharest 2018}) 13... b5 14. a4 a6 15. axb5 {The position is equal.} axb5 16. Qb2 Qd7 17. bxc4 bxc4 18. Ne5 $146 ({Predecessor:} 18. Qb5 Bd6 19. Bxd6 Qxd6 20. Qb6 Rab8 {½-½ (86) Vanek,L (2271)-Zhukenov,A (2025) Prague 2018}) 18... Nxe5 19. Bxe5 Bd6 20. Bxd6 Qxd6 21. Bf3 {[#]} (21. Rxa8 $15 Rxa8 22. Ra1) 21... Bd3 ({Black should try} 21... Qb8 $1 $17 {[%cal Rb8b2]} 22. Ra2 Qxb2 23. Rxb2 Bd3) 22. Rfe1 {[#]} (22. Rxa8 $1 $15 Rxa8 23. Ra1) 22... Qb8 $1 $36 {[%cal Rb8b2][%mdl 2048] Black is in control.} 23. Qxb8 Rfxb8 ({Don't play} 23... Raxb8 24. Ra2 $15) 24. Rxa8 Rxa8 25. Nf1 Ra2 26. Rc1 Nd7 27. g4 Nb6 28. Bd1 (28. Ng3 $17) 28... Nc8 29. Ng3 Nd6 30. Bf3 Ra3 31. Bg2 (31. Be2 {is a better defense.}) 31... Nb5 32. e4 Nxc3 {...Na2 is the strong threat.} 33. exd5 exd5 34. Re1 Kf8 35. Re5 Ra1+ 36. Kh2 Rd1 37. Nh5 Be4 38. Bxe4 $2 (38. Nf4 Rxd4 39. Bxe4 Rxe4 40. Rxe4 dxe4 41. Ng2) 38... Nxe4 {Black is clearly winning.} ({Less strong is} 38... dxe4 39. Rc5 $17) 39. Rxd5 {[%mdl 4096] Endgame KRN-KRN} c3 40. Rd8+ Ke7 41. Rc8 Rd2 42. Nxg7 Kd7 43. Rc4 Rxf2+ 44. Kg1 Rd2 45. Nf5 c2 46. Ne3 Rd1+ $1 {Accuracy: White = 38%, Black = 79%.} 0-1